000 01303cam a2200325 i 4500
001 42038
003 Mx-PuUPA
005 20251106095314.0
008 140415s2024 sp gr 000 0 spa d
017 _aM-12706-2024
020 _a9788430991563
040 _aMx-PuUPA
_bspa
_cMx-PuUPA
_dMx-PuUPA
_erda
041 0 _aspa
245 0 3 _aEl futuro de la identidad humana a debate :
_bprotagonistas de la polémica sobre el transhumanismo /
_cJuan Arana, director ; autores, Juan Arana Cañedo-Argüelles, Andrés Ortigosa, María Caballero Wangüemert, Miguel Palomo [y otros 13]
264 1 _aMadrid, España :
_bEditorial Tecnos (Grupo Anaya),
_c2024
300 _a316 páginas ;
_c23 cm
336 _2rdacontent
_atexto
_btxt
337 _2rdamedia
_asin medio
_bn
338 _2rdacarrier
_avolumen
_bnc
650 7 _913986
_2armarc
_aAntropología filosófica
650 7 _2armarc
_aTranshumanismo
700 1 _aArana Cañedo-Argüelles, Juan,
_d1950-
_edirector
_eautor
_912955
700 1 _aOrtigosa, Andrés,
_eautor
700 1 _aCaballero Wangüemert, María,
_eautor
700 1 _aPalomo, Miguel,
_eautor
942 _2ddc
_cLI
_h128
_iF56
999 _c42038
_d42038